Normal view
MARC view
Entry Personal Name
001 - CONTROL NUMBER
- control field: 13021
003 - CONTROL NUMBER IDENTIFIER
- control field: OSt
005 - DATE AND TIME OF LATEST TRANSACTION
- control field: 20191030162631.0
008 - FIXED-LENGTH DATA ELEMENTS
- fixed length control field: 191030|| aca||aabn | a|a d
040 ## - CATALOGING SOURCE
- Original cataloging agency: OSt
- Transcribing agency: OSt
100 ## - HEADING--PERSONAL NAME
- Personal name: Editors, Richard A. Harvey, Pamela C. Champe
670 ## - SOURCE DATA FOUND
- Source citation: Work cat.: (OSt)599: Editors, Richard A. Harvey, Pamela C. Champe, Lipppncott's Illustrated Reviews: Pharmacology, c1992.
